00509nam a2200181 a 4500008004100000020001500041050001500056100002100071245006800092260003300160300002100193350000900214650001800223650001000241650003400251650002000285700002200305120416s1980 ||||||||||||||||| || u a0070386072 aHG 173 Lom aTorto, Raymond G10aMoney and the financial system: theory, institutions and policy aNew York:bMcGraw-Hillc1980 axix, 554p. : ill a0.00 aFISCAL POLICY aMONEY 0aFINANCE--DEVELOPING COUNTRIES aMONETARY POLICY aLombra, Raymond E